00726nam a22002053 450000100060000000300080000600500170001400800420003103500190007304000270009204100080011908200200012710000210014724500410016826000430020930000290025249001020028160000350038383001020041822926BD-RjUL20211209000854.0140309s1954 uk | 000 0engg d a(BD-RjUL)22991 aEQOcEQObengdBD-RjUL aeng a822.9bSTC 19541 aStanford, Derek 10aChristopher Fry /cby Derek Stanford aLondon:bLongmans, Green & co.,c1954. a39 p. :b ill. ;c22 cm. aBibliographical series of supplements to British book news on writers and their work ; vno. 54.  aFry, Christopher, d1907-2005. aBibliographical series of supplements to British book news on writers and their work ; vno. 54.